Mitchell's introduction to building (Record no. 106775)
[ view plain ]
| 000 -LEADER | |
|---|---|
| fixed length control field | 01345cam a22002655a 4500 |
| 001 - CONTROL NUMBER | |
| control field | L137429 |
| 008 - FIXED-LENGTH DATA ELEMENTS--GENERAL INFORMATION | |
| fixed length control field | 070405s2007 xxk f 000 0 eng d |
| 020 ## - INTERNATIONAL STANDARD BOOK NUMBER | |
| International Standard Book Number | 0132325713 |
| 035 ## - SYSTEM CONTROL NUMBER | |
| System control number | (Sirsi) u137429 |
| 041 0# - LANGUAGE CODE | |
| Language code of text/sound track or separate title | eng |
| 050 04 - LIBRARY OF CONGRESS CALL NUMBER | |
| Classification number | 690 $2 18 |
| 100 1# - MAIN ENTRY--PERSONAL NAME | |
| Personal name | Osbourn, Derek |
| 245 00 - TITLE STATEMENT | |
| Title | Mitchell's introduction to building |
| 260 ## - PUBLICATION, DISTRIBUTION, ETC. | |
| Place of publication, distribution, etc. | Harlow |
| Name of publisher, distributor, etc. | Pearson Education Limited |
| Date of publication, distribution, etc. | 2007 |
| 300 ## - PHYSICAL DESCRIPTION | |
| Extent | xiii, 304p. |
| Dimensions | 25cm. |
| 350 ## - PRICE (NR) (BK AM CF MU VM SE) [OBSOLETE] | |
| Price | 31.99 |
| 505 2# - FORMATTED CONTENTS NOTE | |
| Formatted contents note | The requirements of a building -- Appearance -- Durability -- Dimensional suitability -- Strength and stability -- Weather exclusion -- Sound control -- Thermal comfort and efficiency -- Fire protection -- Lighting and ventilation -- Sanitation and drainage -- Security -- Cost -- Building processes -- The building team -- Communication -- Construction method |
| 520 ## - SUMMARY, ETC. | |
| Summary, etc. | Discusses the development of a building site from the initial planning and design through to contract procurement and construction. Discusses the processes required, the team responsible for construction and the methods used in communicating information. Discusses construction methods, the interaction of components and the processes for assembly. |
| 590 ## - LOCAL NOTE (RLIN) | |
| Local note | KA |
| 651 #4 - SUBJECT ADDED ENTRY--GEOGRAPHIC NAME | |
| Geographic name | United Kingdom |
| Chronological subdivision | |
| 690 ## - LOCAL SUBJECT ADDED ENTRY--TOPICAL TERM (OCLC, RLIN) | |
| Topical term or geographic name as entry element | BUILT ENVIRONMENT-CONSTRUCTION DESIGN |
| 700 1# - ADDED ENTRY--PERSONAL NAME | |
| Personal name | Greeno, Roger |
| 942 ## - ADDED ENTRY ELEMENTS (KOHA) | |
| Suppress in OPAC | 0 |
| Withdrawn status | Lost status | Source of classification or shelving scheme | Damaged status | Not for loan | Home library | Current library | Shelving location | Date acquired | Total Checkouts | Full call number | Barcode | Date last seen | Date last checked out | Copy number | Price effective from | Koha item type |
|---|---|---|---|---|---|---|---|---|---|---|---|---|---|---|---|---|
| Dewey Decimal Classification | London | London | Books | 27/04/2007 | 16 | 690 OSB | 30073782 | 06/08/2019 | 05/11/2009 | 1 | 06/08/2019 | Book |